[Event "HEM-Meister"]
[Site "Hamburg"]
[Date "2024.05.20"]
[Round "3.1"]
[White "Schroeder, Christoph"]
[Black "Wenzel, Birger"]
[Result "0-1"]
[WhiteElo "2183"]
[BlackElo "2055"]
[PlyCount "82"]
[GameId "2047421865845794"]
[EventDate "2024.??.??"]
[WhiteTeam "SK Johanneum Eppendorf"]
[BlackTeam "SK Johanneum Eppendorf"]

{[%evp 0,82,26,23,30,-10,-10,-3,4,28,25,28,27,19,49,20,36,29,31,37,22,23,23,12,30,30,29,34,35,29,30,26,29,25,12,-7,35,14,50,28,50,20,50,-1,-26,-2,16,18,16,29,34,0,2,4,-20,-38,-41,-49,-43,-55,111,-18,-18,-18,-18,-18,-18,-22,-24,-49,-34,-138,-138,-29983,-29984,-29985,-29986,-29987,-29988,-29991,-29992,-29993,-29994,-29995,-29996]} 1. d4 Nf6 2. c4 e6 3. Nc3 Bb4 4. e3 c5 5. Nf3 Nc6 6. Bd3 O-O 7. O-O Bxc3 8. bxc3 d6 9. e4 e5 10. d5 Ne7 11. Nh4 Ng6 12. Nxg6 fxg6 13. f3 Nh5 14. g3 Bh3 15. Rf2 h6 16. a4 Rf7 17. a5 Qf8 18. Be3 Re8 19. Rb1 Bc8 20. Kg2 Rf6 21. h4 Qf7 22. Kh2 Qd7 23. Bf1 Ref8 24. Bg2 Qd8 25. Qa4 R6f7 26. Rbf1 g5 27. hxg5 hxg5 28. Bh3 Bxh3 29. Kxh3 Nf4+ 30. Bxf4 gxf4 31. g4 g6 32. Rh1 Rh7+ 33. Kg2 Rff7 34. Rxh7 Rxh7 35. Qb5 Kf8 36. a6 Qh4 37. Kf1 Qh1+ 38. Ke2 Qc1 39. axb7 Qc2+ 40. Ke1 Rh1+ 41. Rf1 Qc1+ 0-1

[Event "HEM-Meister"]
[Site "Hamburg"]
[Date "2024.05.20"]
[Round "3.2"]
[White "Schell, Franz Jürgen"]
[Black "Keyser, Robin"]
[Result "1-0"]
[WhiteElo "1996"]
[BlackElo "2194"]
[PlyCount "113"]
[GameId "2047424258692172"]
[EventDate "2024.??.??"]
[WhiteTeam "Bramfelder SK 1947 e.V."]
[BlackTeam "SK Johanneum Eppendorf"]

{[%evp 0,48,23,-29,-3,-28,-28,-31,-17,-28,-14,11,11,17,13,16,43,44,33,20,23,13,15,-20,-10,-41,-9,-20,61,56,57,60,38,9,52,-9,-21,-24,-32,-21,-21,-21,-6,-27,-32,-34,-17,22,68,42,50]} 1. c4 e6 2. g3 d5 3. Bg2 Nf6 4. Nf3 Be7 5. d4 O-O 6. O-O c6 7. b3 a5 8. Nc3 b6 9. Bb2 Nbd7 10. Rc1 Ba6 11. cxd5 cxd5 12. Re1 b5 13. Ne5 Nxe5 14. dxe5 Nd7 15. e4 d4 16. Ne2 Bb4 17. Rf1 Bc3 18. Bxc3 dxc3 19. Rxc3 Nxe5 20. Rc2 Qf6 21. Nf4 b4 22. Re1 Qe7 23. Qh5 Qd6 24. Rd1 Qb8 25. Rc5 Ng6 26. Nxg6 hxg6 27. Qg5 a4 28. e5 Ra7 29. Rd6 axb3 30. axb3 Bb7 31. Rc1 Bxg2 32. Kxg2 Qa8+ 33. Kh3 Rb7 34. Rcd1 Rbb8 35. Qf4 Qa2 36. R1d3 Qc2 37. Rd7 Qe2 38. Kg2 Rb5 39. Rxf7 Rxf7 40. Rd8+ Kh7 41. Qxf7 Qe4+ 42. Kh3 Qf5+ 43. Qxf5 gxf5 44. f4 Kg6 45. Rd7 Rb8 46. Re7 Rb6 47. Kg2 Kh7 48. Kh3 Kh6 49. Kh4 g5+ 50. fxg5+ Kg6 51. Re8 Kf7 52. Rh8 Rb5 53. Rh7+ Kg6 54. Rh6+ Kf7 55. g6+ Kg8 56. Kg5 Rxe5 57. Kf6 1-0

[Event "HEM-Meister"]
[Site "Hamburg"]
[Date "2024.05.20"]
[Round "3.3"]
[White "Rolf, Marco"]
[Black "Mondorf, Karl-Josef"]
[Result "1-0"]
[WhiteElo "2051"]
[BlackElo "1849"]
[PlyCount "47"]
[GameId "2047425894302803"]
[EventDate "2024.??.??"]
[WhiteTeam "TV Fischbek Suederelbe"]
[BlackTeam "Volksdorfer SK 1948"]

{[%evp 0,47,23,30,25,-3,-3,-2,14,-25,-13,12,1,3,4,-17,-22,-4,27,25,24,17,24,20,30,27,32,32,10,3,24,6,82,91,180,168,182,158,223,221,422,515,621,621,641,636,666,673,29985,29986]} 1. d4 Nf6 2. c4 e6 3. Nc3 Bb4 4. Qc2 O-O 5. Nf3 c5 6. dxc5 Na6 7. g3 Nxc5 8. Bg2 Nce4 9. O-O Nxc3 10. bxc3 Be7 11. e4 d6 12. e5 dxe5 13. Nxe5 Qc7 14. Qe2 Bd6 15. Bf4 g5 16. c5 Bxc5 17. Bxg5 Be7 18. Rfd1 Nd5 19. Bh6 f5 20. Rxd5 Rf6 21. Qh5 Rxh6 22. Qxh6 Bf8 23. Qg5+ Kh8 24. Rd8 1-0

[Event "HEM-Meister"]
[Site "Hamburg"]
[Date "2024.05.20"]
[Round "3.5"]
[White "Bracker, Arne"]
[Black "Mandelkow, Elias"]
[Result "1-0"]
[WhiteElo "2289"]
[BlackElo "1870"]
[PlyCount "65"]
[GameId "2047422865101886"]
[EventDate "2024.??.??"]
[WhiteTeam "Hamburger SK von 1830 eV"]
[BlackTeam "Hamburger SK von 1830 eV"]

{[%evp 0,47,30,31,68,60,57,61,82,55,103,90,75,41,33,46,22,36,60,49,79,39,48,14,26,13,14,12,14,15,11,1,10,8,14,19,16,0,46,20,41,88,85,44,118,116,106,92,259,273]} 1. e4 c6 2. d4 d5 3. e5 c5 4. Nf3 Bg4 5. dxc5 Nc6 6. c3 e6 7. Be3 Bxf3 8. Qxf3 Nxe5 9. Bb5+ Nc6 10. O-O Nf6 11. Nd2 Be7 12. b4 O-O 13. Rfd1 a6 14. Ba4 Nd7 15. a3 Bf6 16. Rac1 Qe7 17. Bf4 Be5 18. Re1 Bxf4 19. Qxf4 Qf6 20. Qc7 Nde5 21. Bxc6 Nd3 22. Qg3 Nxc1 23. Bxb7 Qh6 24. f4 Rab8 25. c6 Na2 26. Ra1 e5 27. Rxa2 exf4 28. Qf2 Rfe8 29. Nf3 Qg6 30. Re2 Re4 31. c7 Rbe8 32. c8=Q Rxe2 33. Qxe2 1-0